Understanding evolution (Record no. 17028)
[ view plain ]
| 000 -LEADER | |
|---|---|
| fixed length control field | 00340cam a22001331 4500 |
| 040 ## - CATALOGING SOURCE | |
| Transcribing agency | ICU |
| 082 00 - DEWEY DECIMAL CLASSIFICATION NUMBER | |
| Classification number | 575 BRO 1967 A106 Or. |
| 100 1# - MAIN ENTRY--AUTHOR NAME | |
| Personal name | Volpe, E. Peter |
| 245 10 - TITLE STATEMENT | |
| Title | Understanding evolution |
| 260 ## - PUBLICATION, DISTRIBUTION, ETC. (IMPRINT) | |
| Place of publication | Dubuque, Iowa, |
| Name of publisher | W.C. Brown Co. |
| Year of publication | [1967] |
| 300 ## - PHYSICAL DESCRIPTION | |
| Number of Pages | xiii, 160 p. |
| Other physical details | illus. |
| Dimensions | 23 cm. |
| 650 #0 - SUBJECT ADDED ENTRY--TOPICAL TERM | |
| Topical Term | Evolution (Biology) |
| 942 ## - ADDED ENTRY ELEMENTS (KOHA) | |
| Koha item type | សៀវភៅភាសាអង់គ្លេស |
| 952 ## - LOCATION AND ITEM INFORMATION (KOHA) | |
| Withdrawn status [LOCAL, KOHA] | 0 |
| Permanent Location | Date acquired | Koha item type | Lost status | Shelving location | Barcode | Current Location | Full call number |
|---|---|---|---|---|---|---|---|
| Library Block A | 2018-07-18 | សៀវភៅភាសាអង់គ្លេស | A106 | A06673 | Library Block A | 575 BRO 1967 A106 Or. |